000 01228 a2200181 4500
020 _a9780521024259 (paperback)
020 _a9780521024259 (paperback)
082 0 4 _a530
090 _c6079
_d6079
100 1 _aWheelon, Albert D.
245 1 0 _aElectromagnetic scintillation :
_b.
_nVolume 2, weak scattering /
_cAlbert D. Wheelon.
250 _a1st ed.
260 _a[S.l.] :
_bCambridge University Press,
_c2006.
300 _a464 p. ;
_c24 cm.
520 _aElectromagnetic scintillation describes the phase and amplitude fluctuations imposed on signals that travel through the atmosphere. Providing a modern reference and comprehensive tutorial for this subject, two volumes cover optical and microwave propagation, integrating measurements and predictions at each step of development. The first volume (published September 2001) dealt with phase and angle-of-arrival measurement errors, which are accurately described by geometrical optics. This second volume concentrates on amplitude and intensity fluctuations of the received signal. Also available...Volume I 0-521-80198-2 Hardback $110.00 C.
856 4 0 _3Amazon.com
_uhttp://www.amazon.com/exec/obidos/ASIN/0521024250/chopaconline-20
942 _aNBS
_cBK
_k539.2 WHE
999 _c348464
_d348464